Mathematical submodels in water quality systems

Αποθηκεύτηκε σε:
Λεπτομέρειες βιβλιογραφικής εγγραφής
Άλλοι συγγραφείς: Jorgensen, Sven Erik 1934- (Επιμελητής έκδοσης), Gromiec, Marek Jerzy (Επιμελητής έκδοσης)
Μορφή: Βιβλίο
Γλώσσα:English
Δημοσίευση: Amsterdam : Elsevier, 1989
Σειρά:Developments in environmental modelling ; ; 14
Θέματα:
Ετικέτες: Προσθήκη ετικέτας
Δεν υπάρχουν, Καταχωρήστε ετικέτα πρώτοι!

MARC

LEADER 00000nam a2200000 i 4500
001 1/63221
008 930923s eng d
020 |a 0-444-88030-5 
035 |a ΛΕΣΒΟΣb10001174  |l 10001174 
040 |a GR-MY-UA  |b gre  |e aacr 
041 0 |a eng 
082 0 |a 628.161 
245 1 0 |a Mathematical submodels in water quality systems /  |c Edited by S. E. Jorgensen; M. J. Gromiec 
260 |a Amsterdam :   |b Elsevier,   |c 1989 
300 |a 400 p. 
490 1 |a Developments in environmental modeling  |v ; 14 
504 |a Includes bibliographical references 
650 0 0 |a Water quality  |x Mathematical models. 
650 0 0 |a Aquatic ecology  |x Mathematical models. 
650 0 0 |a Hydrology  |x Mathematical models. 
700 1 |a Jorgensen, Sven Erik  |d 1934-  |4 edt 
700 1 |a Gromiec, Marek Jerzy.  |4 edt 
830 0 |a Developments in environmental modelling ;  |v ; 14 
852 |a INST  |b LESVOS  |e 19930923  |h 628.161 MAT  |p 005100005641  |q 005100005641  |t BK  |y 0 
909 |a Λ  |b 028629